[Event "III Copa Roggio C"]
[Site "Asuncion PAR"]
[Date "2010.05.25"]
[Round "5"]
[White "Deus Filho,J"]
[Black "Lipiniks,L"]
[Result "1/2-1/2"]
[WhiteElo "2048"]
[BlackElo "1870"]
[EventDate "2010.05.20"]

1. e4 Nf6 2. e5 Nd5 3. c4 Nb6 4. a4 d6 5. a5 N6d7 6. exd6 exd6 7. Ra3 Be7
8. Rg3 O-O 9. Nf3 f5 10. d4 Nc6 11. h4 Qe8 12. Be2 Nf6 13. Nc3 Nh5 14. Rg5
h6 15. d5 hxg5 16. hxg5 g6 17. dxc6 bxc6 18. Nd4 Ng7 19. Nxc6 Bd7 20. Nxe7+
Qxe7 21. Nd5 Qe5 22. Bf4 Qxb2 23. Nf6+ Rxf6 24. gxf6 Ne6 25. f7+ Kg7 26.
f8=Q+ Kxf8 27. Bxd6+ cxd6 28. Qxd6+ Ke8 29. Rh7 Qb1+ 30. Bd1 Qe4+ 31. Kf1
Nf8 32. Rh8 Qxc4+ 33. Kg1 Qf7 34. Bb3 Qg7 35. Rg8 Qh6 36. f4 Rc8 37. Qe5+
Kd8 38. Qf6+ Kc7 39. g3 Bc6 40. Rh8 Nd7 41. Rxc8+ Kxc8 42. Qxc6+ Kd8 43.
Qa8+ Ke7 44. Qxa7 Qg7 45. Qe3+ Kd8 46. Qd2 Qa1+ 47. Kg2 Kc7 48. Bd5 Nc5 49.
Bf3 Qa3 50. Qd5 Qxa5 51. Qc6+ Kd8 52. Qf6+ Kc7 53. Qc6+ Kd8 54. Qxg6 Qa2+
55. Kh3 Qe6 56. Qg5+ Kc7 57. Bh5 Ne4 58. Qg7+ Kd6 59. Qd4+ Ke7 60. Qg7+ Kd6
61. Qf8+ Kd7 62. Bf7 Qe7 63. Qg8 Nf2+ 64. Kg2 Ng4 65. Kh3 Nh6 66. Qg6 Nxf7
67. Qxf5+ Qe6 68. Qxe6+ Kxe6 1/2-1/2

[Event "III Copa Roggio C"]
[Site "Asuncion PAR"]
[Date "2010.05.25"]
[Round "5"]
[White "Roman,R"]
[Black "Chang,S"]
[Result "1-0"]
[WhiteElo "1905"]
[BlackElo "2031"]
[EventDate "2010.05.20"]

1. e4 c5 2. Nf3 e6 3. d4 cxd4 4. Nxd4 a6 5. Nc3 Qc7 6. Be2 Nf6 7. O-O Be7
8. Be3 O-O 9. f4 d6 10. a4 b6 11. Bf3 Bb7 12. g4 Nc6 13. g5 Nxd4 14. Bxd4
Nd7 15. Bg2 e5 16. Be3 exf4 17. Bxf4 Ne5 18. Kh1 Qc5 19. Nd5 Bxd5 20. exd5
Rac8 21. c3 Nc4 22. Re1 Rc7 23. Qe2 b5 24. b3 Ne5 25. axb5 axb5 26. Be3 1-0

[Event "III Copa Roggio C"]
[Site "Asuncion PAR"]
[Date "2010.05.25"]
[Round "5"]
[White "Riva,Eric"]
[Black "Escofet,J"]
[Result "1/2-1/2"]
[WhiteElo "1639"]
[BlackElo "2076"]
[EventDate "2010.05.20"]

1. Nf3 Nf6 2. g3 b6 3. Bg2 Bb7 4. O-O e6 5. d3 d5 6. Nbd2 Be7 7. c4 O-O 8.
b3 Nbd7 9. Bb2 c5 10. a3 Qc7 11. Rc1 d4 12. e4 e5 13. Ne1 Bd8 14. Nc2 a5
15. a4 Nb8 16. Na3 Nc6 17. Nb5 Qc8 18. Ba3 1/2-1/2

[Event "III Copa Roggio C"]
[Site "Asuncion PAR"]
[Date "2010.05.25"]
[Round "5"]
[White "Diaz,Fe"]
[Black "Gomez Harika,M"]
[Result "1/2-1/2"]
[WhiteElo "1999"]
[BlackElo "1518"]
[EventDate "2010.05.20"]

1. e4 c5 2. Nc3 Nc6 3. g3 Nf6 4. Bg2 e6 5. d3 Be7 6. f4 d5 7. e5 Nd7 8. Nf3
b6 9. O-O Bb7 10. Qe2 O-O 11. h3 Qc7 12. Nd1 Rae8 13. c3 f6 14. d4 cxd4 15.
cxd4 fxe5 16. fxe5 Nb4 17. Nc3 Ba6 18. Nb5 Qc2 19. Bd2 Qa4 20. Nc3 1/2-1/2

[Event "III Copa Roggio C"]
[Site "Asuncion PAR"]
[Date "2010.05.25"]
[Round "5"]
[White "Villamayor,F"]
[Black "Heinrichs,Vivian"]
[Result "1-0"]
[WhiteElo "1987"]
[BlackElo "1870"]
[EventDate "2010.05.20"]

1. e4 c5 2. Nf3 e6 3. d4 cxd4 4. Nxd4 a6 5. g3 b5 6. Bg2 Bb7 7. O-O Nf6 8.
Re1 d6 9. a4 b4 10. c3 bxc3 11. Nxc3 Be7 12. Qb3 Nc6 13. Nxc6 Bxc6 14. e5
Bd5 15. Nxd5 Nxd5 16. Bxd5 exd5 17. exd6 Qxd6 18. Bf4 Qd7 19. Qb4 Kf8 20.
Rxe7 1-0

[Event "III Copa Roggio C"]
[Site "Asuncion PAR"]
[Date "2010.05.25"]
[Round "5"]
[White "Saldana,I"]
[Black "Chavez,Ni"]
[Result "1/2-1/2"]
[WhiteElo "1833"]
[BlackElo "1700"]
[EventDate "2010.05.20"]

1. e4 e6 2. d4 d5 3. Nc3 dxe4 4. Nxe4 Nd7 5. Nf3 Ngf6 6. Nxf6+ Nxf6 7. Bd3
c5 8. O-O cxd4 9. Nxd4 Bc5 10. Nb3 Bd6 11. h3 O-O 12. Bg5 h6 13. Bh4 Qc7
14. Bxf6 gxf6 15. Qg4+ Kh8 16. Qh5 Kg7 17. Qg4+ 1/2-1/2

[Event "III Copa Roggio C"]
[Site "Asuncion PAR"]
[Date "2010.05.25"]
[Round "5"]
[White "Alarcon,J"]
[Black "Rivarola,P"]
[Result "1-0"]
[WhiteElo "1748"]
[BlackElo "1652"]
[EventDate "2010.05.20"]

1. e4 c6 2. Nc3 g6 3. Bc4 Bg7 4. Qf3 e6 5. Nge2 d5 6. Bb3 Ne7 7. d3 Nd7 8.
Bg5 Nc5 9. Bf6 dxe4 10. Nxe4 Nxe4 11. dxe4 O-O 12. Rd1 Qc7 13. h4 c5 14. c3
Nc6 15. Bxg7 Kxg7 16. h5 e5 17. h6+ Kg8 18. Qf6 1-0

[Event "III Copa Roggio C"]
[Site "Asuncion PAR"]
[Date "2010.05.25"]
[Round "5"]
[White "Florentin,Dam"]
[Black "Torres,Mauricio"]
[Result "1-0"]
[WhiteElo "1782"]
[BlackElo "1649"]
[EventDate "2010.05.20"]

1. d4 Nf6 2. c4 c5 3. d5 g6 4. Nc3 Bg7 5. e4 d6 6. Nge2 O-O 7. Ng3 e5 8.
Be2 Nbd7 9. Bg5 h6 10. Be3 b6 11. O-O Ne8 12. Qc2 Rb8 13. a4 a6 14. Bd3
Ndf6 15. h3 Bd7 16. b3 Nc7 17. Qe2 Qc8 18. Kh2 Nfe8 19. Rac1 Qb7 20. Qd2
Kh7 21. Qe2 b5 22. axb5 axb5 23. Rb1 Nf6 24. f4 exf4 25. Bxf4 Nfe8 26. e5
h5 27. Nd1 dxe5 28. Bxe5 Qb6 29. Nf2 Bxe5 30. Qxe5 Qd6 31. Rbe1 Qxe5 32.
Rxe5 Kg7 33. Re7 Nf6 34. Nfe4 Nxe4 35. Nxe4 Rbd8 36. Nxc5 Nxd5 37. Ne6+ 1-0

[Event "III Copa Roggio C"]
[Site "Asuncion PAR"]
[Date "2010.05.25"]
[Round "5"]
[White "Laterza,Martin"]
[Black "Estigarribia,M"]
[Result "1-0"]
[WhiteElo "1494"]
[BlackElo "1706"]
[EventDate "2010.05.20"]

1. e4 d6 2. d4 Nf6 3. Nc3 g6 4. f3 Bg7 5. Be3 c6 6. Nge2 b5 7. a3 Bb7 8.
Qd2 Nbd7 9. g4 Nb6 10. Ng3 Qc7 11. Be2 O-O-O 12. O-O-O Nfd7 13. Kb1 a6 14.
Rhe1 Kb8 15. d5 c5 16. Rc1 b4 17. axb4 cxb4 18. Na2 a5 19. Bd4 f6 20. g5
Ne5 21. Bxe5 fxe5 22. c4 b3 23. Nc3 Qc5 24. Nb5 a4 25. Qa5 Nd7 26. Qxa4 Qb6
27. Qxb3 Nc5 28. Qc3 Ba6 29. Na3 Ka8 30. Nh1 Rb8 31. Rc2 Na4 32. Qd2 Rhc8
33. Rec1 Nc5 34. Rd1 Rc7 35. Nb5 Rcb7 36. Qb4 Ra7 37. Rc3 Kb7 38. Ra3 Rba8
39. Kc2 Bxb5 40. Rxa7+ Rxa7 41. Qxb5 Qxb5 42. cxb5 Kb6 43. Ng3 Rc7 44. Kb1
Nb3 45. Rd3 Nd4 46. Rc3 Rxc3 47. bxc3 Nxb5 48. Bxb5 Kxb5 49. Kc2 Kc5 50.
Ne2 h6 51. h4 h5 52. Nc1 Bf8 53. Na2 Kb5 54. Nb4 e6 55. dxe6 d5 56. Nxd5
Kc5 57. e7 1-0

[Event "III Copa Roggio C"]
[Site "Asuncion PAR"]
[Date "2010.05.25"]
[Round "5"]
[White "Moreno,M"]
[Black "Luzuriaga,N"]
[Result "0-1"]
[WhiteElo "1511"]
[BlackElo "1885"]
[EventDate "2010.05.20"]

1. e4 d6 2. d4 Nf6 3. Bd3 g6 4. Nc3 Bg7 5. Be3 O-O 6. Qd2 Ng4 7. f3 Nxe3 8.
Qxe3 Nd7 9. Nge2 c5 10. O-O-O a6 11. g4 cxd4 12. Nxd4 Qb6 13. Nf5 gxf5 14.
Qg5 h6 15. Qxf5 Qe3+ 16. Kb1 Nf6 17. Qa5 b6 18. Qb4 Qc5 19. Qb3 a5 20. Na4
Qb4 21. Qxb4 axb4 22. Nxb6 Ra7 23. Rd2 Be6 24. Bc4 Bxc4 25. Nxc4 Rc8 26. b3
Rca8 27. Nb6 Rb8 28. Na4 Nd7 29. Rd5 Ne5 30. Rf1 Nc6 31. g5 h5 32. Rg1 Nd4
33. f4 Ne2 34. Rf1 Nc3+ 35. Nxc3 Bxc3 36. Kc1 Rxa2 37. Kd1 Ra1+ 38. Ke2
Rxf1 39. Kxf1 Rc8 40. f5 Rc5 41. Rxc5 dxc5 42. Ke2 e6 43. h3 exf5 44. exf5
Kf8 45. Ke3 Ke7 46. Kd3 Kd6 47. Ke4 Bd2 48. g6 fxg6 49. fxg6 Ke6 50. g7 Kf7
51. g8=Q+ Kxg8 52. Kf5 Kg7 53. Ke5 Kg6 54. Ke4 Kg5 55. Kf3 Kh4 56. Kg2 Bc3
57. Kh2 Be5+ 58. Kg2 Bd6 59. Kg1 Kxh3 60. Kh1 Kg3 61. Kg1 Kf3 62. Kh1 Ke3
0-1

[Event "III Copa Roggio C"]
[Site "Asuncion PAR"]
[Date "2010.05.26"]
[Round "6"]
[White "Goiriz,Y"]
[Black "Vazquez,G"]
[Result "1/2-1/2"]
[WhiteElo "2052"]
[BlackElo "2004"]
[EventDate "2010.05.20"]

1. c4 c5 2. Nc3 Nc6 3. g3 g6 4. Bg2 Bg7 5. d3 d6 6. e4 e5 7. Nge2 Nge7 8.
Be3 O-O 9. Qd2 a6 10. Bh6 Rb8 11. h4 f6 12. Bxg7 Kxg7 13. f4 h6 14. O-O
1/2-1/2

[Event "III Copa Roggio C"]
[Site "Asuncion PAR"]
[Date "2010.05.26"]
[Round "6"]
[White "Genta,A"]
[Black "Latorre,Mat"]
[Result "0-1"]
[WhiteElo "2106"]
[BlackElo "2072"]
[EventDate "2010.05.20"]

1. c4 g6 2. Nc3 Bg7 3. g3 d6 4. Bg2 c5 5. d3 Nc6 6. Nf3 Nf6 7. O-O O-O 8.
a3 a6 9. Rb1 Rb8 10. b4 cxb4 11. axb4 b5 12. cxb5 axb5 13. h3 Bd7 14. Bd2
Qb6 15. Be3 Qc7 16. Qd2 Rfc8 17. Rfc1 Qd8 18. Bh6 Bh8 19. g4 Ne8 20. d4 Nc7
21. d5 Ne5 22. Nxe5 Bxe5 23. e4 Ra8 24. Be3 Ra3 25. Ne2 Na8 26. Nd4 Nb6 27.
Bf1 Na4 28. Rxc8 Qxc8 29. Rc1 Qb7 30. Nxb5 Bxb5 31. Bxb5 Nc3 32. Bd3 Qxb4
33. Bh6 Bg7 34. Bxg7 Kxg7 35. Rb1 Qd4 36. Qc2 Ra2 0-1

[Event "III Copa Roggio C"]
[Site "Asuncion PAR"]
[Date "2010.05.26"]
[Round "6"]
[White "Roman,R"]
[Black "Ippolitti,H"]
[Result "1/2-1/2"]
[WhiteElo "1905"]
[BlackElo "2090"]
[EventDate "2010.05.20"]

1. Nf3 Nf6 2. g3 g6 3. Bg2 Bg7 4. O-O O-O 5. c4 d6 6. Nc3 e5 7. d4 Nbd7 8.
e4 c6 9. h3 Qc7 10. Be3 Re8 11. d5 Nc5 12. Ne1 cxd5 13. cxd5 Bd7 14. Nd3
Rec8 15. Rc1 Qd8 16. b4 Nxd3 17. Qxd3 a6 18. Ne2 Bb5 19. Qd2 Nd7 20. Rxc8
Rxc8 21. Rc1 Rxc1+ 22. Nxc1 Nb6 23. Bf1 Nc4 24. Qc3 Nxe3 25. Qxe3 Bxf1 26.
Kxf1 Qc8 27. Kg2 Qc4 28. a3 f5 29. f3 f4 30. Qd2 Bf6 31. Ne2 fxg3 32. Kxg3
h5 33. Kf2 Bh4+ 34. Kf1 Qc8 35. Kg2 Kg7 36. Qd3 Qd8 37. Qe3 Bg5 38. Qf2 Bf4
39. Qa7 Qg5+ 40. Kh1 Qh4 41. Qxb7+ Kh6 42. Qc8 Qe1+ 43. Ng1 Be3 44. Qf8+
Kg5 45. f4+ exf4 46. Qe7+ Kh6 47. Qf8+ 1/2-1/2

[Event "III Copa Roggio C"]
[Site "Asuncion PAR"]
[Date "2010.05.26"]
[Round "6"]
[White "Villalba,M"]
[Black "Deus Filho,J"]
[Result "1-0"]
[WhiteElo "2107"]
[BlackElo "2048"]
[EventDate "2010.05.20"]

1. e4 c5 2. Nf3 d6 3. d4 Nf6 4. Nc3 cxd4 5. Nxd4 a6 6. Bc4 e6 7. Bb3 Be7 8.
f4 Qc7 9. f5 e5 10. Nde2 Qc5 11. Ng3 h5 12. Qf3 h4 13. Be3 Qc7 14. Nge2 b5
15. a3 Bb7 16. Bg5 Nbd7 17. Bxf6 Nxf6 18. O-O-O Rc8 19. g4 Qc6 20. g5 Nd7
21. f6 gxf6 22. Nd5 Nc5 23. gxf6 Nxb3+ 24. Qxb3 Bf8 25. Kb1 Qc5 26. Qf3
Bxd5 27. Rxd5 Qxc2+ 28. Ka1 Rc4 29. Rd3 Qa4 30. Rhd1 b4 31. Qf5 bxa3 32.
Qxe5+ Kd7 33. b3 Qb4 34. bxc4 Rh5 35. Qc3 Qb6 36. Rd5 Rh6 37. c5 Qb2+ 38.
Qxb2 axb2+ 39. Kxb2 Rxf6 40. Rf5 Re6 41. Rxf7+ Ke8 42. Rxf8+ 1-0

[Event "III Copa Roggio C"]
[Site "Asuncion PAR"]
[Date "2010.05.26"]
[Round "6"]
[White "Lipiniks,L"]
[Black "Villamayor,F"]
[Result "1/2-1/2"]
[WhiteElo "1870"]
[BlackElo "1987"]
[EventDate "2010.05.20"]

1. e4 c5 2. d4 cxd4 3. Nf3 Nc6 4. Nxd4 Nf6 5. Nc3 Qc7 6. Nb3 a6 7. Bd3 e6
8. Qe2 Be7 9. Be3 b5 10. a3 Ne5 11. f3 Bb7 12. O-O Rc8 13. Qf2 Nc4 14. Bxc4
Qxc4 15. Na5 Qc7 16. Bb6 Qb8 17. Nxb7 Qxb7 18. Kh1 O-O 19. Bd4 Qc6 20. Rfd1
d6 21. Qe2 Nd7 22. Qf2 Nf6 23. Qg3 Nh5 24. Qg4 Nf6 25. Qh4 Rfe8 26. Rac1 d5
27. exd5 Nxd5 28. Qg3 Bf6 29. Bxf6 Nxf6 30. Rd6 Qb7 31. Rcd1 Nd5 32. Nxd5
exd5 33. c3 Re2 34. R6xd5 Rce8 35. h4 Rxb2 36. Qe5 Qc8 37. Qxe8+ Qxe8 38.
Rd8 Kf8 39. Rxe8+ Kxe8 40. Rd6 Rb3 41. Rxa6 Rxc3 42. a4 bxa4 43. Rxa4 Ke7
44. Ra7+ Kf6 45. Kh2 g6 46. Kg3 h5 1/2-1/2

[Event "III Copa Roggio C"]
[Site "Asuncion PAR"]
[Date "2010.05.26"]
[Round "6"]
[White "Riva,Eric"]
[Black "Daneri,M"]
[Result "0-1"]
[WhiteElo "1639"]
[BlackElo "2109"]
[EventDate "2010.05.20"]

1. Nf3 c5 2. g3 Nc6 3. Bg2 e5 4. d3 d5 5. Nbd2 Nge7 6. O-O Ng6 7. e4 d4 8.
h3 h5 9. Nc4 h4 10. g4 Be6 11. b3 b5 12. Nb2 Be7 13. a4 a6 14. Bd2 Rb8 15.
Ne1 Bg5 16. Kh2 Bf4+ 17. Bxf4 Nxf4 18. Qd2 Qd7 19. Bf3 Ne7 20. axb5 axb5
21. Qa5 Neg6 22. Qa7 Qc8 23. Qa6 O-O 24. Qxc8 Rfxc8 25. Ng2 Ra8 26. Nxf4
Nxf4 27. Rfe1 Kf8 28. Reb1 Ke7 29. Rc1 Kd6 30. Nd1 Kc7 31. Bg2 f6 32. Bf1
Kb7 33. c4 Rxa1 34. Rxa1 Ra8 35. Rxa8 Kxa8 36. f3 Kb7 37. Kg1 Ka6 38. Kf2
Ka5 39. Nb2 Kb4 40. cxb5 Kxb5 41. Nc4 Kb4 42. Nd6 Bd7 43. Nb7 Bb5 44. Nd6
Bxd3 0-1

[Event "III Copa Roggio C"]
[Site "Asuncion PAR"]
[Date "2010.05.26"]
[Round "6"]
[White "Butti,E"]
[Black "Alarcon,J"]
[Result "1-0"]
[WhiteElo "2089"]
[BlackElo "1748"]
[EventDate "2010.05.20"]

1. e4 e5 2. Nf3 Nc6 3. Bb5 a6 4. Ba4 Nf6 5. O-O Be7 6. Re1 b5 7. Bb3 O-O 8.
h3 d6 9. c3 Re8 10. d4 Na5 11. Bc2 Bf8 12. Nbd2 exd4 13. cxd4 c5 14. Nf1
Bb7 15. Ng3 h6 16. d5 Nc4 17. b3 Ne5 18. Nxe5 dxe5 19. a4 g6 20. Bd3 Qd7
21. Qe2 b4 22. Nf1 Bg7 23. Ne3 Nxd5 24. Nxd5 Bxd5 25. exd5 e4 26. Bxa6 Bxa1
27. Bb5 Qxd5 28. Bxe8 Rxe8 29. Bxh6 Bc3 30. Rb1 Rd8 31. Be3 f5 32. Qa6 Be5
33. Qxg6+ Kh8 34. Qh5+ Kg8 35. g3 Bd4 36. Qg5+ Kh8 37. Bxd4+ cxd4 38. Qf6+
Kg8 39. Rc1 Qf7 40. Qxd8+ 1-0

[Event "III Copa Roggio C"]
[Site "Asuncion PAR"]
[Date "2010.05.26"]
[Round "6"]
[White "Gomez Harika,M"]
[Black "Escofet,J"]
[Result "0-1"]
[WhiteElo "1518"]
[BlackElo "2076"]
[EventDate "2010.05.20"]

1. e4 c6 2. d4 d5 3. exd5 cxd5 4. Bd3 Nc6 5. c3 Nf6 6. h3 e5 7. dxe5 Nxe5
8. Bb5+ Bd7 9. Bxd7+ Qxd7 10. Nf3 Bd6 11. O-O O-O 12. Bg5 Ne4 13. Bf4 Ng6
14. Bxd6 Qxd6 15. Nbd2 Rfe8 16. Qc2 Nf4 17. Nxe4 dxe4 18. Nd4 Qg6 19. f3
Nxh3+ 20. Kh2 Nf4 21. g3 Re5 22. g4 Rae8 23. Rfe1 Qh6+ 24. Kg1 e3 25. Ne2
Nh3+ 26. Kg2 Nf2 27. Ng1 Qh1+ 28. Kf1 e2+ 0-1

[Event "III Copa Roggio C"]
[Site "Asuncion PAR"]
[Date "2010.05.26"]
[Round "6"]
[White "Benitez,J"]
[Black "Diaz,Fe"]
[Result "1/2-1/2"]
[WhiteElo "1830"]
[BlackElo "1999"]
[EventDate "2010.05.20"]

1. d4 Nf6 2. e3 g6 3. Bd3 d6 4. f4 Bg7 5. Nf3 O-O 6. O-O Nbd7 7. Nbd2 Nd5
8. Ne4 Nb4 9. Be2 e5 10. fxe5 dxe5 11. c3 Nc6 12. d5 Ne7 13. d6 cxd6 14.
Nxd6 Nf5 15. Ne1 Nxd6 16. Qxd6 Qb6 17. Qxb6 Nxb6 18. e4 Be6 19. b3 f5 20.
exf5 gxf5 21. Be3 Rfd8 22. Nf3 Bf6 23. Rad1 Nd5 24. Bc1 Kf7 25. Rde1 e4 26.
Nd4 Bxd4+ 27. cxd4 Nf6 28. d5 Bd7 29. Bb2 b5 30. Bxb5 Bxb5 31. Rxf5 Rd6 32.
Rxe4 Bd3 33. Re6 Bxf5 34. Rxd6 Ne4 35. Ra6 Bc8 36. Rh6 Bf5 37. Ra6 Ke7 38.
h3 Bc8 39. Ba3+ Kf7 40. Rc6 Nf6 41. d6 Bd7 42. Rc7 Ke6 43. Bc5 a5 44. Ra7
Rxa7 45. Bxa7 Nd5 46. Bc5 Ke5 47. Kf2 Ke4 48. Ke1 Kd3 49. Kf2 Nc3 50. Bb6
1/2-1/2

[Event "III Copa Roggio C"]
[Site "Asuncion PAR"]
[Date "2010.05.26"]
[Round "6"]
[White "Chang,S"]
[Black "Laterza,Martin"]
[Result "1-0"]
[WhiteElo "2031"]
[BlackElo "1494"]
[EventDate "2010.05.20"]

1. c4 Nf6 2. Nc3 g6 3. Nf3 Bg7 4. g3 O-O 5. Bg2 e6 6. O-O d5 7. d4 Ne4 8.
Qb3 Nxc3 9. bxc3 Nc6 10. cxd5 Qxd5 11. Bf4 Qa5 12. Nd2 Qa6 13. Qc4 Qxc4 14.
Nxc4 e5 15. Nxe5 Nxe5 16. Bxe5 Bxe5 17. dxe5 Re8 18. f4 c6 19. Rab1 Re7 20.
Rfd1 Bf5 21. e4 Bg4 22. Rd6 Be6 23. Rb2 c5 24. a4 Bc4 25. Bf1 Bxf1 26. Kxf1
Rb8 27. Kf2 f6 28. Rxf6 1-0

[Event "III Copa Roggio C"]
[Site "Asuncion PAR"]
[Date "2010.05.26"]
[Round "6"]
[White "Heinrichs,Vivian"]
[Black "Battaglia,J"]
[Result "1-0"]
[WhiteElo "1870"]
[BlackElo "1806"]
[EventDate "2010.05.20"]

1. e4 c5 2. Nc3 Nc6 3. f4 g6 4. Nf3 Bg7 5. Bb5 Nd4 6. O-O Nxb5 7. Nxb5 d6
8. d3 Nf6 9. Nc3 O-O 10. Qe1 e6 11. Qh4 Nh5 12. Qh3 f5 13. e5 a6 14. g4
fxg4 15. Qxg4 dxe5 16. fxe5 Rf5 17. Be3 Bxe5 18. Nxe5 Rxe5 19. Ne4 b6 20.
Bh6 Qd4+ 21. Nf2 Qd5 22. Ne4 Rf5 23. Ng3 Nxg3 24. Qxg3 Bb7 25. Rxf5 exf5
26. Re1 Rd8 27. Re7 Bc6 28. Kf2 Qd4+ 29. Ke2 Qg4+ 30. Qxg4 fxg4 31. Kf2 Rd7
32. Re6 Rc7 33. Kg3 Kf7 34. Rd6 Ke7 35. Bf4 Rc8 36. Kxg4 Bd7+ 37. Kg5 Rf8
38. Bg3 Rf5+ 39. Kh6 Rf6 40. Bh4 g5+ 41. Rxf6 Kxf6 42. Bxg5+ Kf5 43. h4 Be6
44. a3 Kg4 45. Kxh7 c4 46. dxc4 Bf5+ 47. Kg7 Bxc2 48. Bd8 Bb3 49. Bxb6 Bxc4
50. Bd8 Be2 51. Bg5 Kf5 52. Kh6 a5 53. a4 Bd1 54. Bd8 Bxa4 55. Bxa5 Bb3 56.
Bd8 Kg4 57. Bg5 Kf5 58. Kg7 Bd1 59. b4 Be2 60. Kf7 Ke5 61. Bf6+ Kd5 62. Kg6
Ke6 63. Kg5 Kf7 64. Bc3 Bd3 65. h5 Kg8 66. h6 Kh7 67. Bg7 Bb5 68. Kf6 Bc4
69. Ke5 Bf1 70. Kd4 Be2 71. Kc5 1-0

[Event "III Copa Roggio C"]
[Site "Asuncion PAR"]
[Date "2010.05.26"]
[Round "6"]
[White "Florentin,Dam"]
[Black "Saldana,I"]
[Result "1-0"]
[WhiteElo "1782"]
[BlackElo "1833"]
[EventDate "2010.05.20"]

1. d4 d5 2. Nf3 Nf6 3. c4 e6 4. Nc3 c6 5. Bg5 Be7 6. e3 Nbd7 7. Bd3 dxc4 8.
Bxc4 b5 9. Bb3 Bb7 10. O-O h6 11. Bh4 O-O 12. Rc1 a6 13. Bc2 Re8 14. Bb1 c5
15. Bxf6 Nxf6 16. Ne5 cxd4 17. exd4 Qd6 18. Ng4 Qf4 19. Ne3 Rad8 20. Ne2
Qd6 21. Qb3 Nd5 22. Qd3 Nf6 23. Rfd1 Be4 24. Qb3 Bxb1 25. Rxb1 Nd5 26. Ng4
Nf4 27. Nc3 Qb4 28. g3 Qxb3 29. axb3 Nd5 30. Nxd5 Rxd5 31. Ne3 Rd6 32. d5
Bf8 33. Rbc1 Red8 34. dxe6 Rxd1+ 35. Rxd1 Rxd1+ 36. Nxd1 fxe6 37. Kg2 h5
38. Kf3 g6 39. Ke4 Bg7 40. f3 Kf7 41. g4 hxg4 42. fxg4 Bf6 43. Kd3 Ke7 44.
Nc3 Be5 45. h3 Kd6 46. h4 Bg7 47. Ne4+ Kd5 48. h5 gxh5 49. gxh5 Bxb2 50. h6
Bh8 51. b4 Ke5 52. Nc5 Kf5 53. Nxa6 Be5 54. Nc5 Bf6 55. Ne4 Be7 56. h7 1-0

[Event "III Copa Roggio C"]
[Site "Asuncion PAR"]
[Date "2010.05.26"]
[Round "6"]
[White "Chavez,Ni"]
[Black "Rivarola,P"]
[Result "1-0"]
[WhiteElo "1700"]
[BlackElo "1652"]
[EventDate "2010.05.20"]

1. d4 Nf6 2. Nf3 e6 3. Bf4 b6 4. c4 Bb7 5. e3 d5 6. Bd3 Be7 7. Nc3 a6 8.
Rc1 c5 9. dxc5 dxc4 10. Bxc4 Qxd1+ 11. Kxd1 b5 12. Be2 Nc6 13. Ne5 Rd8+ 14.
Ke1 Nd7 15. Nxd7 Rxd7 16. Bf3 O-O 17. Bd6 Bxd6 18. cxd6 Nb4 19. Rd1 Bxf3
20. gxf3 f5 21. e4 Nc6 22. f4 fxe4 23. Nxe4 Rf5 24. Ke2 Nb4 25. Rc1 Nd5 26.
Rc8+ Rf8 27. Rxf8+ Kxf8 28. Kf3 Rf7 29. Ng5 Rxf4+ 30. Kg3 Ke8 31. Nxe6 Rf6
32. Re1 Kd7 33. Nc5+ Kxd6 34. Ne4+ Ke5 35. Nxf6+ Kxf6 1-0

[Event "III Copa Roggio C"]
[Site "Asuncion PAR"]
[Date "2010.05.26"]
[Round "6"]
[White "Luzuriaga,N"]
[Black "Estigarribia,M"]
[Result "1/2-1/2"]
[WhiteElo "1885"]
[BlackElo "1706"]
[EventDate "2010.05.20"]

1. d4 d5 2. c4 c6 3. Nc3 e6 4. e3 f5 5. Nf3 Nf6 6. Bd3 Be7 7. O-O O-O 8.
Qc2 Bd7 9. Ne5 Be8 10. cxd5 cxd5 11. a3 a6 12. Ne2 g5 13. Ng3 Nbd7 14. f4
Ne4 15. Qb3 Nxe5 16. Bxe4 fxe4 17. fxe5 Rxf1+ 18. Nxf1 b5 19. Qd1 Bg6 20.
Bd2 Qe8 21. Qe1 Rc8 22. Rc1 h5 23. Rxc8 Qxc8 24. Qc1 Qc4 25. Kf2 h4 26. g4
Bd8 27. Bc3 a5 28. Nd2 Qc7 29. Qf1 Qf7+ 30. Kg2 Qxf1+ 31. Kxf1 a4 32. Bb4
Be8 33. h3 Bc6 34. Nb1 Kf7 35. Nd2 Ke8 36. Nb1 Be7 37. Bxe7 Kxe7 38. Ke2
Kd7 39. Kd2 Kc7 40. Kc3 Kb6 41. Kb4 1/2-1/2

[Event "III Copa Roggio C"]
[Site "Asuncion PAR"]
[Date "2010.05.26"]
[Round "6"]
[White "Torres,Mauricio"]
[Black "Moreno,M"]
[Result "1-0"]
[WhiteElo "1649"]
[BlackElo "1511"]
[EventDate "2010.05.20"]

1. d4 g6 2. Nf3 Bg7 3. c4 Nf6 4. Nc3 O-O 5. e4 d6 6. h3 Nc6 7. Bd3 e5 8. d5
Ne7 9. O-O Nd7 10. Be3 f5 11. Ng5 Nb6 12. exf5 Nxf5 13. Ne6 Bxe6 14. dxe6
Qe7 15. Bxb6 axb6 16. Nd5 Rac8 17. Nxe7+ 1-0

[Event "III Copa Roggio C"]
[Site "Asuncion PAR"]
[Date "2010.05.27"]
[Round "7"]
[White "Latorre,Mat"]
[Black "Goiriz,Y"]
[Result "0-1"]
[WhiteElo "2072"]
[BlackElo "2052"]
[EventDate "2010.05.20"]

1. d4 Nf6 2. c4 e6 3. g3 c5 4. d5 b5 5. dxe6 fxe6 6. Bg2 d5 7. cxd5 Bb7 8.
e4 exd5 9. e5 Ne4 10. f3 Ng5 11. Bxg5 Qxg5 12. f4 Qe7 13. Bxd5 Nc6 14. Nc3
O-O-O 15. Qf3 Rxd5 16. Nxd5 Qd7 17. Ne2 Nb4 18. O-O Bxd5 19. Qe3 c4 20.
Rfd1 Nd3 21. Rxd3 cxd3 22. Nd4 Bb7 23. Rc1+ Kb8 24. h4 Qd5 25. Kf1 d2 26.
Qxd2 Bc5 27. Nb3 Qf3+ 28. Ke1 Qxg3+ 29. Kd1 Bf3+ 30. Kc2 Be4+ 31. Kd1 Qg1+
32. Qe1 Rd8+ 33. Nd2 Rxd2+ 34. Kxd2 Qd4+ 0-1

[Event "III Copa Roggio C"]
[Site "Asuncion PAR"]
[Date "2010.05.27"]
[Round "7"]
[White "Vazquez,G"]
[Black "Villalba,M"]
[Result "0-1"]
[WhiteElo "2004"]
[BlackElo "2107"]
[EventDate "2010.05.20"]

1. c4 e5 2. g3 Nc6 3. Bg2 g6 4. Nc3 Bg7 5. d3 f5 6. Nf3 Nf6 7. O-O O-O 8.
Rb1 d6 9. b4 a6 10. a4 h6 11. b5 axb5 12. axb5 Ne7 13. c5 e4 14. cxd6 Qxd6
15. dxe4 Nxe4 16. Nxe4 fxe4 17. Nd2 e3 18. Qb3+ Be6 19. Qxe3 Nf5 20. Qd3
Ba2 21. Qxd6 Nxd6 22. Rb4 Bc3 23. Rg4 g5 24. Ne4 Be6 25. Nxd6 Bxg4 26. Ne4
Bg7 27. f3 Bd7 28. f4 Bxb5 0-1

[Event "III Copa Roggio C"]
[Site "Asuncion PAR"]
[Date "2010.05.27"]
[Round "7"]
[White "Escofet,J"]
[Black "Roman,R"]
[Result "1/2-1/2"]
[WhiteElo "2076"]
[BlackElo "1905"]
[EventDate "2010.05.20"]

1. Nf3 Nf6 2. d4 g6 3. e3 Bg7 4. b3 O-O 5. Bb2 c5 6. Bd3 d5 7. O-O Nbd7 8.
Nbd2 Qc7 9. Rc1 e5 10. dxe5 Ng4 11. c4 Ngxe5 12. Nxe5 Nxe5 13. Bxe5 Bxe5
14. f4 dxc4 15. Bxc4 Bg7 16. Ne4 Qe7 17. Qf3 Bg4 1/2-1/2

[Event "III Copa Roggio C"]
[Site "Asuncion PAR"]
[Date "2010.05.27"]
[Round "7"]
[White "Daneri,M"]
[Black "Chang,S"]
[Result "1/2-1/2"]
[WhiteElo "2109"]
[BlackElo "2031"]
[EventDate "2010.05.20"]

1. Nf3 Nf6 2. c4 g6 3. b4 Bg7 4. Bb2 c6 5. Na3 O-O 6. e3 a5 7. b5 d5 8. Be2
dxc4 9. Bxc4 Bf5 10. d3 c5 11. h3 Qb6 12. Qb3 a4 13. Qc2 Nfd7 14. Bxg7 Kxg7
15. O-O Qf6 16. Bd5 Ra7 17. Nc4 b6 18. e4 Be6 19. Bxe6 Qxe6 20. d4 cxd4 21.
Nxd4 Qf6 22. Qb2 a3 23. Qc3 Rc8 24. f4 Ra4 25. e5 Qh4 26. e6 Nf6 27. Nc6
Nxc6 28. Nxb6 Nd4 29. Qxc8 Ne2+ 30. Kh1 Ng3+ 31. Kg1 Ne2+ 32. Kh1 Ng3+ 33.
Kg1 1/2-1/2

[Event "III Copa Roggio C"]
[Site "Asuncion PAR"]
[Date "2010.05.27"]
[Round "7"]
[White "Villamayor,F"]
[Black "Butti,E"]
[Result "0-1"]
[WhiteElo "1987"]
[BlackElo "2089"]
[EventDate "2010.05.20"]

1. Nf3 Nf6 2. b3 g6 3. Bb2 Bg7 4. g3 O-O 5. Bg2 d6 6. d4 Nbd7 7. O-O e5 8.
c4 e4 9. Ng5 Qe7 10. Nc3 e3 11. f3 c6 12. Nh3 Bh6 13. b4 Nb6 14. d5 Nxc4
15. dxc6 Nxb2 16. Qb3 bxc6 17. Qxb2 Bg7 18. Qa3 d5 19. Na4 Ba6 20. Nf4 g5
21. Nc5 gxf4 22. Qxa6 fxg3 23. h3 Nh5 24. Rac1 Nf4 25. Nd3 Nxe2+ 0-1

[Event "III Copa Roggio C"]
[Site "Asuncion PAR"]
[Date "2010.05.27"]
[Round "7"]
[White "Deus Filho,J"]
[Black "Benitez,J"]
[Result "1-0"]
[WhiteElo "2048"]
[BlackElo "1830"]
[EventDate "2010.05.20"]

1. e4 d6 2. d4 Nf6 3. Nc3 g6 4. f3 Bg7 5. Be3 c6 6. Qd2 Nbd7 7. Bd3 b5 8.
Nge2 a5 9. Bh6 Bxh6 10. Qxh6 b4 11. Nd1 c5 12. Bc4 e6 13. dxc5 Nxc5 14.
Bb5+ Bd7 15. Bc4 d5 16. exd5 exd5 17. Bd3 Nxd3+ 18. cxd3 Qb6 19. Rc1 Bb5
20. Nf2 Ke7 21. O-O Rhc8 22. Rfe1 Kd7 23. Qg7 Qe6 24. Nc3 bxc3 25. Rxe6
Kxe6 26. Re1+ Ne4 27. dxe4 dxe4 28. Rxe4+ Kd6 29. Qf6+ Kc5 30. b4+ axb4 31.
Re5+ Kd4 32. Qd6+ 1-0